000 01029nam a2200229Ia 4500
001 233-SAN ig an (19716)
003 IT-MiSPE
008 171229s9999||||xx |||||||||||||| ||und||
040 _aIT-MiSPE
_cIT-MiSPE
041 _aITALIANO
100 _aIgnazio Sanna
245 0 _aL'antropologia cristiana tra modernità e postmodernità
250 _a3a ed.
260 _aBrescia
_bQueriniana
_c2004
300 _a527 p.
_c23 cm
490 _aBiblioteca di teologia contemporanea
_v116
500 _aAntropologia cristiana
501 _aEdizioni San Paolo srl - Piazza Soncino, 5 - 20092 CINISELLO BALSAMO (MI) (non commercial uses only) ® Copyright 2018
942 _cBK
957 _71
999 _a6123
_bNO
_g Copie: 1
_c341154
_d341154